Statistiques concernant Provinces du Kazakhstan

Cliquez ici pour prendre le quiz!

Statistiques générales

  • Ce quiz a été pris 15 fois
  • Le résultat moyen est 3 sur 14

Statistiques - réponses

Nom des oblys% Correct
Almaty
88%
Kazakhstan-Occidental
38%
Kazakhstan-Oriental
38%
Aktioubé
25%
Karaganda
25%
Turkestan
25%
Aqmola
13%
Atyraou
13%
Kazakhstan-Septentrional
13%
Kostanaï
13%
Kyzylorda
13%
Manguistaou
13%
Pavlodar
13%
Djamboul
0%

Distribution des résultats

Percentile par nombre de réponses

% des personnes avec chaque résultat

Votre développement - résultats

Vous n’avez pas pris ce quiz